Luke 11-17 / (Record no. 7005)
[ view plain ]
| 000 -LEADER | |
|---|---|
| fixed length control field | 01106cam a2200337 i 4500 |
| 001 - CONTROL NUMBER | |
| control field | 17569314 |
| 003 - CONTROL NUMBER IDENTIFIER | |
| control field | GBCCL |
| 005 - DATE AND TIME OF LATEST TRANSACTION | |
| control field | 20241126110617.0 |
| 008 - FIXED-LENGTH DATA ELEMENTS--GENERAL INFORMATION | |
| fixed length control field | 121220t20132013ilu b 001 0 eng |
| 010 ## - | |
| -- | 2012044199 |
| 020 ## - INTERNATIONAL STANDARD BOOK NUMBER | |
| International Standard Book Number | 9780802408730 |
| 040 ## - CATALOGING SOURCE | |
| Original cataloging agency | DLC |
| Language of cataloging | eng |
| Transcribing agency | DLC |
| Description conventions | rda |
| Modifying agency | DLC |
| 042 ## - | |
| -- | pcc |
| 050 00 - | |
| -- | BS2595.53 |
| -- | .M333 2013 |
| 082 00 - DEWEY DECIMAL CLASSIFICATION NUMBER | |
| Classification number | 225.77 |
| Edition information | 23 |
| Item number | MAC |
| 100 1# - MAIN ENTRY--PERSONAL NAME | |
| Personal name | MacArthur, John, |
| Dates associated with a name | 1939- |
| 9 (RLIN) | 1165 |
| 245 10 - TITLE STATEMENT | |
| Title | Luke 11-17 / |
| Statement of responsibility, etc. | John MacArthur. |
| 250 ## - EDITION STATEMENT | |
| Edition statement | Indian edition |
| 264 #1 - PRODUCTION, PUBLICATION, DISTRIBUTION, MANUFACTURE, AND COPYRIGHT NOTICE | |
| Place of production, publication, distribution, manufacture | Chicago : |
| Name of producer, publisher, distributor, manufacturer | Moody Publishers, |
| Date of production, publication, distribution, manufacture, or copyright notice | [2013] |
| 264 #4 - PRODUCTION, PUBLICATION, DISTRIBUTION, MANUFACTURE, AND COPYRIGHT NOTICE | |
| Date of production, publication, distribution, manufacture, or copyright notice | ©2013 |
| 300 ## - PHYSICAL DESCRIPTION | |
| Extent | viii, 445 pages ; |
| Dimensions | 24 cm. |
| 336 ## - CONTENT TYPE | |
| Content type term | text |
| Source | rdacontent |
| 337 ## - MEDIA TYPE | |
| Media type term | unmediated |
| Source | rdamedia |
| 338 ## - CARRIER TYPE | |
| Carrier type term | volume |
| Source | rdacarrier |
| 490 0# - SERIES STATEMENT | |
| Series statement | The MacArthur New Testament commentary |
| 504 ## - BIBLIOGRAPHY, ETC. NOTE | |
| Bibliography, etc. note | Includes bibliographical references (pages 421-422) and indexes. |
| 630 00 - SUBJECT ADDED ENTRY--UNIFORM TITLE | |
| Uniform title | Bible. |
| Name of part/section of a work | Luke, XI-XVII |
| Form subdivision | Commentaries. |
| 9 (RLIN) | 12449 |
| 906 ## - LOCAL DATA ELEMENT F, LDF (RLIN) | |
| a | 7 |
| b | cbc |
| c | orignew |
| d | 1 |
| e | ecip |
| f | 20 |
| g | y-gencatlg |
| 942 ## - ADDED ENTRY ELEMENTS (KOHA) | |
| Source of classification or shelving scheme | Dewey Decimal Classification |
| Koha item type | Reference Books |
| Withdrawn status | Lost status | Source of classification or shelving scheme | Damaged status | Not for loan | Home library | Current Library | Shelving location | Date acquired | Total checkouts | Full call number | Barcode | Date last seen | Copy number | Price effective from | Koha item type |
|---|---|---|---|---|---|---|---|---|---|---|---|---|---|---|---|
| Dewey Decimal Classification | GRACE BIBLE COLLEGE | GRACE BIBLE COLLEGE | Commentary | 2018-07-05 | 225.77 MAC | 013048 | 2025-05-01 | c.1 | 2018-07-05 | Reference Books |